<?xml version="1.0" encoding="UTF-8"?>
<collection xmlns="http://www.loc.gov/MARC21/slim">
<record>
  <controlfield tag="001">115598</controlfield>
  <controlfield tag="005">20220606145011.0</controlfield>
  <datafield tag="037" ind1=" " ind2=" ">
    <subfield code="a">GDOC-2021-30526</subfield>
  </datafield>
  <datafield tag="970" ind1=" " ind2=" ">
    <subfield code="a">GDOC-2021-30526</subfield>
  </datafield>
  <datafield tag="041" ind1=" " ind2=" ">
    <subfield code="a">spa</subfield>
  </datafield>
  <datafield tag="041" ind1=" " ind2=" ">
    <subfield code="a">eng</subfield>
  </datafield>
  <datafield tag="540" ind1=" " ind2=" ">
    <subfield code="a">by-nc-sa</subfield>
    <subfield code="b">Creative Commons</subfield>
    <subfield code="c">3.0</subfield>
    <subfield code="u">http://creativecommons.org/licenses/by-nc-sa/3.0/</subfield>
  </datafield>
  <datafield tag="260" ind1=" " ind2=" ">
    <subfield code="a">Zaragoza</subfield>
    <subfield code="b">Universidad de Zaragoza</subfield>
    <subfield code="c">2021-2022</subfield>
  </datafield>
  <datafield tag="245" ind1="0" ind2="0">
    <subfield code="9">30526</subfield>
    <subfield code="a">Trabajo fin de Grado (Derecho)</subfield>
  </datafield>
  <datafield tag="242" ind1="0" ind2="0">
    <subfield code="9">30526</subfield>
    <subfield code="a">Undergraduate Dissertation</subfield>
  </datafield>
  <datafield tag="100" ind1=" " ind2=" ">
    <subfield code="0">(orcid)0000-0003-3089-1361</subfield>
    <subfield code="a">María Carmen Alastuey, Dobón</subfield>
    <subfield code="1">128962</subfield>
  </datafield>
  <datafield tag="700" ind1=" " ind2=" ">
    <subfield code="0">(orcid)0000-0002-3362-5088</subfield>
    <subfield code="a">María Teresa Alonso, Pérez</subfield>
    <subfield code="1">152737</subfield>
  </datafield>
  <datafield tag="700" ind1=" " ind2=" ">
    <subfield code="0">(orcid)0000-0002-2887-4821</subfield>
    <subfield code="a">Joaquín Agustín Álvarez, Martínez</subfield>
    <subfield code="1">135795</subfield>
  </datafield>
  <datafield tag="700" ind1=" " ind2=" ">
    <subfield code="0">(orcid)0000-0002-3133-7402</subfield>
    <subfield code="a">Juan Lorenzo Arpio, Santacruz</subfield>
    <subfield code="1">136360</subfield>
  </datafield>
  <datafield tag="700" ind1=" " ind2=" ">
    <subfield code="0">(orcid)0000-0002-9385-5133</subfield>
    <subfield code="a">Jesús Astigarraga, Goenaga</subfield>
    <subfield code="1">385749</subfield>
  </datafield>
  <datafield tag="700" ind1=" " ind2=" ">
    <subfield code="0">(orcid)0000-0001-7110-3304</subfield>
    <subfield code="a">Aurelio Barrio, Gallardo</subfield>
    <subfield code="1">475287</subfield>
  </datafield>
  <datafield tag="700" ind1=" " ind2=" ">
    <subfield code="0">(orcid)0000-0002-8159-6330</subfield>
    <subfield code="a">María del Carmen Bayod, López</subfield>
    <subfield code="1">139272</subfield>
  </datafield>
  <datafield tag="700" ind1=" " ind2=" ">
    <subfield code="0">(orcid)0000-0001-7723-5172</subfield>
    <subfield code="a">María José Bernuz, Beneitez</subfield>
    <subfield code="1">326161</subfield>
  </datafield>
  <datafield tag="700" ind1=" " ind2=" ">
    <subfield code="0">(orcid)0000-0003-1152-1816</subfield>
    <subfield code="a">Pedro José Bueso, Guillén</subfield>
    <subfield code="1">137241</subfield>
  </datafield>
  <datafield tag="700" ind1=" " ind2=" ">
    <subfield code="0">(orcid)0000-0002-7183-2280</subfield>
    <subfield code="a">María del Carmen Chéliz, Inglés</subfield>
    <subfield code="1">576228</subfield>
  </datafield>
  <datafield tag="700" ind1=" " ind2=" ">
    <subfield code="0">(orcid)0000-0003-4274-9207</subfield>
    <subfield code="a">Sabina Elisabet de Miguel, Arias</subfield>
    <subfield code="1">487224</subfield>
  </datafield>
  <datafield tag="700" ind1=" " ind2=" ">
    <subfield code="0">(orcid)0000-0003-3388-2700</subfield>
    <subfield code="a">María Estrella Escuchuri, Aísa</subfield>
    <subfield code="1">109097</subfield>
  </datafield>
  <datafield tag="700" ind1=" " ind2=" ">
    <subfield code="0">(orcid)0000-0002-5605-7941</subfield>
    <subfield code="a">Javier Esteban, Ríos</subfield>
    <subfield code="1">611589</subfield>
  </datafield>
  <datafield tag="700" ind1=" " ind2=" ">
    <subfield code="0">(orcid)0000-0002-0791-2390</subfield>
    <subfield code="a">Carlos Fuertes, Iglesias</subfield>
    <subfield code="1">569760</subfield>
  </datafield>
  <datafield tag="700" ind1=" " ind2=" ">
    <subfield code="0">(orcid)0000-0002-2547-0864</subfield>
    <subfield code="a">María Gállego, Lanau</subfield>
    <subfield code="1">539821</subfield>
  </datafield>
  <datafield tag="700" ind1=" " ind2=" ">
    <subfield code="a">Agustín García, Inda</subfield>
    <subfield code="1">140888</subfield>
  </datafield>
  <datafield tag="700" ind1=" " ind2=" ">
    <subfield code="0">(orcid)0000-0001-6314-0543</subfield>
    <subfield code="a">Antonio José García, Gómez</subfield>
    <subfield code="1">137021</subfield>
  </datafield>
  <datafield tag="700" ind1=" " ind2=" ">
    <subfield code="0">(orcid)0000-0002-4078-2196</subfield>
    <subfield code="a">Regina Garcimartín, Montero</subfield>
    <subfield code="1">141077</subfield>
  </datafield>
  <datafield tag="700" ind1=" " ind2=" ">
    <subfield code="0">(orcid)0000-0003-4741-7412</subfield>
    <subfield code="a">Carlos Garrido, López</subfield>
    <subfield code="1">133786</subfield>
  </datafield>
  <datafield tag="700" ind1=" " ind2=" ">
    <subfield code="0">(orcid)0000-0001-7063-0129</subfield>
    <subfield code="a">Ana Gascón, Marcén</subfield>
    <subfield code="1">500915</subfield>
  </datafield>
  <datafield tag="700" ind1=" " ind2=" ">
    <subfield code="0">(orcid)0000-0003-2591-0337</subfield>
    <subfield code="a">Silvia Gaspar, Lera</subfield>
    <subfield code="1">137689</subfield>
  </datafield>
  <datafield tag="700" ind1=" " ind2=" ">
    <subfield code="0">(orcid)0000-0001-6760-9222</subfield>
    <subfield code="a">José María Gimeno, Feliú</subfield>
    <subfield code="1">139457</subfield>
  </datafield>
  <datafield tag="700" ind1=" " ind2=" ">
    <subfield code="0">(orcid)0000-0001-5583-5409</subfield>
    <subfield code="a">María Josefa González, Ordobás</subfield>
    <subfield code="1">144308</subfield>
  </datafield>
  <datafield tag="700" ind1=" " ind2=" ">
    <subfield code="0">(orcid)0000-0001-6852-268X</subfield>
    <subfield code="a">María del Carmen de Guerrero, Manso</subfield>
    <subfield code="1">472793</subfield>
  </datafield>
  <datafield tag="700" ind1=" " ind2=" ">
    <subfield code="0">(orcid)0000-0001-9120-7768</subfield>
    <subfield code="a">María Rosa Gutiérrez, Sanz</subfield>
    <subfield code="1">365184</subfield>
  </datafield>
  <datafield tag="700" ind1=" " ind2=" ">
    <subfield code="0">(orcid)0000-0002-6553-8245</subfield>
    <subfield code="a">Esther Hernández, Sáinz</subfield>
    <subfield code="1">331958</subfield>
  </datafield>
  <datafield tag="700" ind1=" " ind2=" ">
    <subfield code="0">(orcid)0000-0002-3070-2834</subfield>
    <subfield code="a">Alberto José Lafuente, Torralba</subfield>
    <subfield code="1">449061</subfield>
  </datafield>
  <datafield tag="700" ind1=" " ind2=" ">
    <subfield code="0">(orcid)0000-0001-6330-4333</subfield>
    <subfield code="a">Carlos Esteban Lalana, del Castillo</subfield>
    <subfield code="1">362620</subfield>
  </datafield>
  <datafield tag="700" ind1=" " ind2=" ">
    <subfield code="0">(orcid)0000-0002-0277-1939</subfield>
    <subfield code="a">María Rita Largo, Gil</subfield>
    <subfield code="1">386471</subfield>
  </datafield>
  <datafield tag="700" ind1=" " ind2=" ">
    <subfield code="0">(orcid)0000-0001-5513-1567</subfield>
    <subfield code="a">María Angelina Lázaro, Alquézar</subfield>
    <subfield code="1">141618</subfield>
  </datafield>
  <datafield tag="700" ind1=" " ind2=" ">
    <subfield code="0">(orcid)0000-0001-9761-0187</subfield>
    <subfield code="a">María Martínez, Martínez</subfield>
    <subfield code="1">143614</subfield>
  </datafield>
  <datafield tag="700" ind1=" " ind2=" ">
    <subfield code="0">(orcid)0000-0001-5543-658X</subfield>
    <subfield code="a">Carlos Martínez, de Aguirre Aldaz</subfield>
    <subfield code="1">385709</subfield>
  </datafield>
  <datafield tag="700" ind1=" " ind2=" ">
    <subfield code="0">(orcid)0000-0001-7028-1213</subfield>
    <subfield code="a">María Victoria Mayor, del Hoyo</subfield>
    <subfield code="1">145382</subfield>
  </datafield>
  <datafield tag="700" ind1=" " ind2=" ">
    <subfield code="0">(orcid)0000-0002-6188-2866</subfield>
    <subfield code="a">María Silvia Mestre, Sentís</subfield>
    <subfield code="1">477033</subfield>
  </datafield>
  <datafield tag="700" ind1=" " ind2=" ">
    <subfield code="0">(orcid)0000-0003-1837-1267</subfield>
    <subfield code="a">Lucía María Molinos, Rubio</subfield>
    <subfield code="1">136116</subfield>
  </datafield>
  <datafield tag="700" ind1=" " ind2=" ">
    <subfield code="0">(orcid)0000-0003-4901-9717</subfield>
    <subfield code="a">Ángel Luis Monge, Gil</subfield>
    <subfield code="1">126460</subfield>
  </datafield>
  <datafield tag="700" ind1=" " ind2=" ">
    <subfield code="0">(orcid)0000-0002-8104-0420</subfield>
    <subfield code="a">Francisco Jose Palacios, Romeo</subfield>
    <subfield code="1">114671</subfield>
  </datafield>
  <datafield tag="700" ind1=" " ind2=" ">
    <subfield code="0">(orcid)0000-0003-1824-3732</subfield>
    <subfield code="a">Marina Pérez, Monge</subfield>
    <subfield code="1">136468</subfield>
  </datafield>
  <datafield tag="700" ind1=" " ind2=" ">
    <subfield code="a">Alba María Pérez, Polo</subfield>
    <subfield code="1">592052</subfield>
  </datafield>
  <datafield tag="700" ind1=" " ind2=" ">
    <subfield code="0">(orcid)0000-0002-1012-2859</subfield>
    <subfield code="a">María Teresa Picontó, Novales</subfield>
    <subfield code="1">128035</subfield>
  </datafield>
  <datafield tag="700" ind1=" " ind2=" ">
    <subfield code="0">(orcid)0000-0002-5859-1689</subfield>
    <subfield code="a">Carlos Javier Rubio, Pomar</subfield>
    <subfield code="1">137325</subfield>
  </datafield>
  <datafield tag="700" ind1=" " ind2=" ">
    <subfield code="0">(orcid)0000-0002-5502-3870</subfield>
    <subfield code="a">Eva Sáenz, Royo</subfield>
    <subfield code="1">318774</subfield>
  </datafield>
  <datafield tag="700" ind1=" " ind2=" ">
    <subfield code="0">(orcid)0000-0001-5693-9672</subfield>
    <subfield code="a">Julio César Tejedor, Bielsa</subfield>
    <subfield code="1">141856</subfield>
  </datafield>
  <datafield tag="700" ind1=" " ind2=" ">
    <subfield code="0">(orcid)0000-0001-6438-3475</subfield>
    <subfield code="a">Isaac José Tena, Piazuelo</subfield>
    <subfield code="1">148359</subfield>
  </datafield>
  <datafield tag="700" ind1=" " ind2=" ">
    <subfield code="0">(orcid)0000-0002-8409-9604</subfield>
    <subfield code="a">José Tudela, Aranda</subfield>
    <subfield code="1">367124</subfield>
  </datafield>
  <datafield tag="700" ind1=" " ind2=" ">
    <subfield code="0">(orcid)0000-0002-8999-662X</subfield>
    <subfield code="a">Javier Usoz, Otal</subfield>
    <subfield code="1">138927</subfield>
  </datafield>
  <datafield tag="700" ind1=" " ind2=" ">
    <subfield code="0">(orcid)0000-0003-3276-5983</subfield>
    <subfield code="a">Angel Luis de Val, Tena</subfield>
    <subfield code="1">145360</subfield>
  </datafield>
  <datafield tag="700" ind1=" " ind2=" ">
    <subfield code="0">(orcid)0000-0002-7568-0712</subfield>
    <subfield code="a">Mario Alejandro Varea, Sanz</subfield>
    <subfield code="1">150893</subfield>
  </datafield>
  <datafield tag="700" ind1=" " ind2=" ">
    <subfield code="a">María Ángeles Yranzo, Gracia</subfield>
    <subfield code="1">556999</subfield>
  </datafield>
  <datafield tag="700" ind1=" " ind2=" ">
    <subfield code="0">(orcid)0000-0002-1447-8828</subfield>
    <subfield code="a">María Mercedes Zubiri, de Salinas</subfield>
    <subfield code="1">384116</subfield>
  </datafield>
  <datafield tag="830" ind1=" " ind2=" ">
    <subfield code="9">432</subfield>
  </datafield>
  <datafield tag="856" ind1="4" ind2=" ">
    <subfield code="s">38044</subfield>
    <subfield code="u">http://zaguan.unizar.es/record/115598/files/guia-30526-es.pdf</subfield>
    <subfield code="y">Guía (idioma español)</subfield>
  </datafield>
  <datafield tag="856" ind1="4" ind2=" ">
    <subfield code="s">6411</subfield>
    <subfield code="u">http://zaguan.unizar.es/record/115598/files/guia-30526-en.pdf</subfield>
    <subfield code="y">Guide (english)</subfield>
  </datafield>
  <datafield tag="521" ind1=" " ind2=" ">
    <subfield code="9">154</subfield>
    <subfield code="a">Programa conjunto en Derecho-Administración y Dirección de Empresas</subfield>
    <subfield code="b">Joint Law - Business Administration and Management Programme</subfield>
  </datafield>
  <datafield tag="980" ind1=" " ind2=" ">
    <subfield code="a">GDOC</subfield>
    <subfield code="b">Ciencias Sociales y Jurídicas</subfield>
    <subfield code="b">Social Sciences and Law</subfield>
    <subfield code="c">109</subfield>
    <subfield code="c">102</subfield>
  </datafield>
</record>
</collection>